| 000 | 00375 a2200169 4500 | ||
|---|---|---|---|
| 001 | 179574 | ||
| 020 | _a85-06-01940-0 | ||
| 040 | _cMagnum | ||
| 100 | _aPinto, Ziraldo Alves | ||
| 240 | 1 | 0 |
_aAs desventuras de Mr. W _lpor |
| 245 | 1 | 0 | _aAs desventuras de Mr. W |
| 300 | _a22 | ||
| 362 | 0 | _a1994 | |
| 440 | 1 | _aMelhoramentos | |
| 697 | _aLITERATURA INFANTO | ||
| 942 | _cBK | ||
| 999 |
_c179574 _d179574 |
||